Verbs starting with CON- by synonym - Statistics

General Stats
  • This quiz has been taken 10 times
  • The average score is 6 of 20
Answer Stats
Hint Answer % Correct
Build Construct
100%
Agree Concur
80%
Talk Confer/Converse
80%
Resume Continue
80%
Deplete Consume
50%
Surrender Concede
40%
Evoke Conjure
40%
Collude Connive/Conspire
40%
Worry Concern
30%
Deplore Condemn
20%
Corroborate Confirm
20%
Sanctify Consecrate
20%
Patronize Condescend
10%
Compliment Congratulate
10%
Communicate Convey
10%
Reveal Confide
0%
Requisition Confiscate
0%
Coalesce Conglomerate
0%
Compete Contend
0%
Recover Convalesce
0%
No matching quizzes found
Score Distribution
Percent of People with Each Score
Percentile by Number Answered
Your Score History
You have not taken this quiz